LEADER 01300nam a2200277 4500 001 000000340367 003 CaOOAMICUS 005 20200709174558.0 008 200527s2002 it a 000 u ita r 020 $a88-85291-79-1 040 $aSeMil$bita 100 1 $aL'Arco, Adolfo.$0(OLS)http://semarc/name/17704 245 10$aBartolo Longo e la sua intimità con Dio /$cAdolfo L'Arco ; in collaborazione con il Vice-Postulatore della Causa di Canonizzazione del beato Bartolo Longo e l'Associazione Amici di Bartolo Longo. 264 1$aPompei :$b[s.n.],$c2002. 300 $a67 p. :$bill. ;$c24 cm 500 $aIn testa al front.: Pontificio Santuario della Beata Vergine del Rosario di Pompei 541 0 $aFondo mons. Pasquale Macchi 600 14$aLongo, Bartolo .$0(OLS)http://semarc/subject/1587 710 1 $aAssociazione Amici di Bartolo Longo.$0(OLS)http://semarc/name/111424 850 $aSeMil 852 $aSeMil$W1$xVenegono$y1$m3H V 408$j220116$B231469$CSeMilBibl$Z2$F231469 $81 941 1 $a9 996 $6020$a88-85291-79-1$9(OLS)http://semarc/number/290397 996 $6245$aBartolo Longo e la sua intimità con Dio$9(OLS)http://semarc/title/429398 996 $6264$aPompei :$b[s.n.]$9(OLS)http://semarc/publisher/49970 LEADER 01302nam a2200241 i 4500 001 000000226155 003 CaOOAMICUS 005 20140109000000.0 008 140109s1924 it u000 u lat u 013 $a205057 040 $aSeMil$bita 100 1 $aRuffini, Ernesto <1888-1967>.$0(OLS)http://semarc/name/13389 245 10$aChronologia Veteris et Novi Testamenti in aeram nostram collata :$bcum 20. tabulus extra textum et 4. imaginibus /$cPontificium Collegium Urbanum De Propaganda Fide ; E. Ruffini. 260 $aRoma :$bSocietà editrice nazionale,$c1924. 300 $a220 p. :$bill. , [20] c. di tav. ;$c26 cm. 650 4$aBibbia - Commentari, studi, critica, interpretazioni.$0(OLS)http://semarc/subject/783 710 0 $aChiesa cattolica : Congregazione per l'evangelizzazione dei popoli.$0(OLS)http://semarc/name/110804 850 $aSeMil 852 $aSeMil$W1$xVenegono$y1$m2W IV 3$j176501$B176501$CSeMilBibl$Z2$F187141 $81 910 2 $aSanta Sede : Congregazione per l'Evangelizzazione dei Popoli. 996 $6245$aChronologia Veteris et Novi Testamenti in aeram nostram collata :$bcum 20. tabulus extra textum et 4. imaginibus$9(OLS)http://semarc/title/323826 996 $6260$aRoma :$bSocietà editrice nazionale$9(OLS)http://semarc/publisher/36944 LEADER 01176nam a2200229 i 4500 001 000000034472 003 CaOOAMICUS 005 20151218000000.0 008 151218s1858 it u000 u ita u 013 $a991 040 $aSeMil$bita 100 1 $aGobio, Innocente .$0(OLS)http://semarc/name/15824 245 10$aVita del padre Nicolò d'Aviano chierico regolare barnabita /$cscritta da Innocente Gobio. 260 $aMilano :$bDitta Boniardi-Pogliani di E. Besozzi,$c1858. 300 $a90 p. ;$c18 cm. 490 0 $aCollezione di vite dei più distinti religiosi della congregazione dei chierici rr. di S. Paolo detti Barnabiti ;$v3 650 4$aBarnabiti.$0(OLS)http://semarc/subject/5154 830 0$aCollezione di vite dei più distinti religiosi della congregazione dei chierici rr. di S. Paolo detti Barnabiti ;$v3.$0(OLS)http://semarc/title/42697 850 $aSeMil 852 $aSeMil$W1$xVenegono$y1$m3J II 90 FA$j627$B627$CSeMilBibl$Z2$F627 $8I 996 $6245$aVita del padre Nicolò d'Aviano chierico regolare barnabita$9(OLS)http://semarc/title/46658 996 $6260$aMilano :$bDitta Boniardi-Pogliani di E. Besozzi$9(OLS)http://semarc/publisher/31862